000 00344 a2200157 4500
001 68298
020 _a9788526242043
040 _cAnchieta - Pituba
100 _aTwain, Mark
240 1 0 _aO príncipe e o mendigo
_lpor
245 1 0 _aO príncipe e o mendigo
300 _a87
362 0 _a2001
650 4 _aLiteratura juvenil
942 _cBK
999 _c68298
_d68298